000
00261nam a2200109Ia 4500
008
210430s9999 xx 000 0 und d
082
_a
355.48 H254S
100
_a
B.H. Liddell Hart
245
_a
Strategy
_c
B.H. Liddell Hart
300
_a
420
942
_c
BK
_2
ddc
999
_c
565181
_d
565181